Club Estudiantes de La Plata Squad 2025 - Statistics

General Stats
  • This quiz has been taken 13 times
  • The average score is 21 of 28
Answer Stats
# Position Nation Player % Correct
9 FW Argentina Guido Carrillo
100%
5 MF Argentina Santiago Ascacíbar
100%
10 FW Uruguay Tiago Palacios
100%
19 FW Colombia Alexis Manyoma
90%
- Coach Argentina Eduardo Domínguez
90%
18 FW Colombia Edwuin Cetré
90%
27 FW Argentina Lucas Alario
90%
12 GK Argentina Matías Mansilla
90%
26 DF Argentina Ramiro Funes Mori
90%
15 DF Paraguay Santiago Arzamendia
90%
8 MF Uruguay Gabriel Neves
80%
13 DF Argentina Gastón Benedetti
80%
7 MF Argentina José Sosa
80%
16 FW Uruguay Mauro Méndez
80%
25 MF Argentina Cristian Medina
70%
20 DF Argentina Eric Meza
70%
11 MF Argentina Facundo Farías
70%
2 DF Argentina Facundo Rodríguez
70%
21 MF Argentina Ezequiel Piovi
60%
1 GK Argentina Fabricio Iacovich
60%
17 FW Argentina Joaquín Tobio Burgos
60%
23 FW Argentina Luciano Giménez
60%
4 DF Argentina Román Gómez
60%
6 DF Argentina Santiago Núñez
60%
14 DF Uruguay Sebastián Boselli
60%
22 MF Argentina Alexis Castro
50%
29 FW Argentina Fabricio Pérez
50%
24 MF Argentina Bautista Kociubinski
30%
No matching quizzes found
Score Distribution
Percent of People with Each Score
Percentile by Number Answered
Your Score History
You have not taken this quiz